Statistics for West Ham United Squad 2021-2022

Click here to take the quiz!

General Stats

  • This quiz has been taken 345 times
    (213 since last reset)
  • The average score is 20 of 25

Answer Stats

#PositionNationPlayer% Correct
1GKPolandŁukasz Fabiański
95%
41MFEnglandDeclan Rice
94%
4DFFranceKurt Zouma
94%
9FWJamaicaMichail Antonio
93%
10MFArgentinaManuel Lanzini
91%
28MFCzech RepublicTomáš Souček
90%
13GKFranceAlphonse Areola
89%
7FWUkraineAndriy Yarmolenko
88%
20FWEnglandJarrod Bowen
88%
3DFEnglandAaron Cresswell
86%
5DFCzech RepublicVladimír Coufal
86%
-CoachScotlandDavid Moyes
85%
8MFSpainPablo Fornals
85%
21DFItalyAngelo Ogbonna
83%
22FWAlgeriaSaïd Benrahma
83%
15DFEnglandCraig Dawson
79%
11MFCroatiaNikola Vlašić
79%
23DFFranceIssa Diop
78%
16MFEnglandMark Noble
78%
26DFDR CongoArthur Masuaku
75%
35GKIrelandDarren Randolph
74%
33MFCzech RepublicAlex Král
68%
31DFEnglandBen Johnson
67%
24DFEnglandRyan Fredericks
54%
25GKEnglandDavid Martin
51%

Score Distribution

Percentile by Number Answered

Percent of People with Each Score

Your Score History

You have not taken this quiz since the last reset